| 000 | 00612cam a2200193 a 4500 | ||
|---|---|---|---|
| 020 | _a9780896291959 (alk. paper) | ||
| 040 | _cDNAL | ||
| 082 | 0 | 0 | _a338 IFP 2012 C144 Or. |
| 245 | 0 | 0 |
_aStrategies and priorities for African agriculture : _beconomywide perspectives from country studies / |
| 260 |
_aWashington, D.C. : _bInternational Food Policy Research Institute, _cc2012. |
||
| 300 |
_ax 428 p. : _bill. ; _c24 cm. |
||
| 650 | 0 | _aAgriculture | |
| 650 | 0 | _aAgriculture | |
| 650 | 0 | _aRural development | |
| 650 | 0 | _aPoverty | |
| 650 | 0 | _aAgriculture and state | |
| 700 | 1 | _aDiao, Xinshen. | |
| 942 | _cAEDBB | ||
| 999 |
_c18418 _d18418 |
||